00313nam a22001217a 4500003000400000005001700004007001000021008004100031040000600072082001500078245008400093260001400177OSt20260316101637.0235 pages260316b |||||||| |||| 00| 0 eng d c  a006.3bBAB aGraph algorithms bPractical examples in Apache spark and Neo 4jcNeedham, Mark bSPDc2019